Cytaty znanych osób - Statystyki

Ogólne statystyki
  • Ten quiz został rozwiązany 13 razy
  • Średni wynik to 7 z 25
Statystyki odpowiedzi
Cytat Osoba % Poprawnych
''Jeśli nie potrafisz wytłumaczyć czegoś sześciolatkowi, sam tego nie rozumiesz.'' Albert Einstein
83%
"Przybyłem, zobaczyłem, podbiłem". Juliusz Cezar
83%
"To jest mały krok dla człowieka, ale wielki skok dla ludzkości." Neil Armstrong
75%
"Jedyną prawdziwą mądrością jest wiedzieć, że nic nie wiesz". Sokrates
58%
"Sukces nie jest ostateczny, porażka nie jest śmiertelna: liczy się odwaga, by kontynuować". Winston S. Churchill
58%
"Nie pytaj, co twój kraj może zrobić dla ciebie - zapytaj, co ty możesz zrobić dla swojego kraju". John F. Kennedy
33%
"Być albo nie być, oto jest pytanie". William Shakespeare
33%
"To nie lata w twoim życiu się liczą. Liczy się życie w twoich latach". Abraham Lincoln
25%
"Jedynym ograniczeniem dla naszej realizacji jutra są nasze dzisiejsze wątpliwości". Franklin D. Roosevelt
25%
"Życie samo w sobie jest najwspanialszą bajką". Hans Christian Andersen
25%
''Nadzieja zawiera w sobie światło mocniejsze od ciemności, jakie panują w naszych sercach.'' Jan Paweł 2
25%
''Trzeba myśleć własnym mózgiem i patrzeć własnymi oczami.'' Józef Piłsudski
25%
"Musisz być zmianą, którą chcesz zobaczyć na świecie". Mahatma Gandhi
25%
"Rozprzestrzeniaj miłość gdziekolwiek jesteś. Niech nikt nigdy nie przychodzi do ciebie, nie pozostawiając szczęśliwszym". Matka Teresa
25%
"Ludzkość nie jest gotowa na wielkość i dobro" Nikola Tesla
25%
"Nie odniosłem porażki. Po prostu odkryłem 10 000 błędnych rozwiązań.'' Thomas Alva Edison
25%
"Nie ma nic złego w świętowaniu sukcesu, ale ważniejsze jest wyciągnięcie nauki z porażki." Bill Gates
17%
"Życie jest naprawdę proste, ale my upieramy się, by je komplikować". Konfucjusz
17%
"Największa chwała w życiu nie polega na tym, że nigdy nie upadamy, ale na tym, że podnosimy się za każdym razem, gdy upadamy." Nelson Mandela
17%
"Czytanie książek to najpiękniejsza zabawa, jaką ludzkość wymyśliła" Wisława Szymborska
17%
"Sposobem na rozpoczęcie pracy jest zaprzestanie mówienia i rozpoczęcie działania." Walt Disney
8%
"Im więcej czytam, im więcej zdobywam, tym bardziej jestem pewien, że nic nie wiem". Wolter
8%
"Sukces nie jest kluczem do szczęścia. Szczęście jest kluczem do sukcesu. Jeśli kochasz to, co robisz, odniesiesz sukces". Albert Schweitzer
0%
"Życie jest tym, co dzieje się, gdy jesteś zajęty robieniem innych planów". John Lennon
0%
"Jeśli nie potrafisz biegać, chodź. Jeśli nie potrafisz chodzić, czołgaj się. Cokolwiek jednak robisz, poruszaj się do przodu." Martin Luther King
0%
Nie znaleziono quizów pasujących do podanych kryteriów
Rozkład punktacji
Procent ludzi z każdym wynikiem
Percentyl według liczby udzielonych odpowiedzi
Twoja historia wyników
Nie rozwiązałeś tego quizu